[Event "Stepanakert-A"]
[Site "Stepanakert"]
[Date "2005.10.10"]
[Round "8"]
[White "Sokolov, Ivan"]
[Black "Ivanchuk, Vassily"]
[Result "1/2-1/2"]
[WhiteElo "2696"]
[BlackElo "2748"]
[Annotator "Golod,V"]
[PlyCount "61"]
[EventDate "2005.10.02"]
[EventType "tourn"]
[EventRounds "9"]
[EventCountry "ARM"]
[EventCategory "17"]
[SourceTitle "CBM 110"]
[Source "ChessBase"]
[SourceDate "2006.01.31"]
[SourceVersion "1"]
[SourceVersionDate "2006.01.31"]
[SourceQuality "1"]

1. d4 Nf6 2. c4 e6 3. Nc3 Bb4 4. Qc2 O-O 5. a3 Bxc3+ 6. Qxc3 b6 7. Bg5 Bb7 8.
e3 d6 9. Ne2 Nbd7 10. Qd3 Re8 {An attempt to avoid the main theoretical lines.}
({The main continuation is:} 10... Ba6 $5) 11. Nc3 Qe7 $146 ({Previously was
checked:} 11... h6 $5 12. Bh4 Nf8 13. f3 Ng6 14. Bf2 e5 15. e4 exd4 (15... Nf4
$5) 16. Qxd4 c5 17. Qd2 d5 18. cxd5 Nxd5 19. Bb5 $14 {Khismatullin,D-Jenni,F/
Instanbul,2004(1/2-1/2)(42)}) (11... e5 $143 12. Rd1 Qc8 13. d5 e4 14. Qc2 h6
15. Bh4 g5 16. Bg3 $14 {Gagunashvili,M-Martens,M/Amsterdam,2004(1-0)(68)}) 12.
Be2 $5 {A provocative move. Ivan Sokolov invited his opponent to take the pawn
on "g2". I'm not sure that White needs to sacrifice a pawn in such an early
stage of the game. This seems good enough:} (12. e4 $5 {in order to create a
strong pawn centre.}) 12... Bxg2 {Vassily Ivanchuk has accepted the challenge.}
(12... h6 $143 13. Bh4 (13. Bxf6 $6 Nxf6 $11) 13... Bxg2 14. Rg1 Bb7 15. O-O-O
$44) 13. Rg1 Bb7 14. O-O-O $44 {For the pawn, White has obvious compensation:
a pair of bishops, the open g-file and a lot of space. But Black's position is
tough and he has enough resources in order to protect it.} Kh8 {A good
preventive move.} 15. e4 e5 16. d5 {White fixed the pawn structure in the
centre. As of this moment, the major part of the game is now on the kingside.}
Nf8 $6 (16... Nc5 {deserves attention:} 17. Qc2 {[%csl Yc2][%cal Yc2b3,Gb2b4]}
(17. Qf3 $143 Nb3+ 18. Kb1 Nd4 19. Qg2 Rg8 $13) 17... h6 18. Be3 Rac8 {/\c6}
19. b4 Ncd7 20. Qd2 Rg8 $13) 17. Rg3 $6 {White misses a good chance to start a
strong initiative:} (17. Qg3 $5 Ng6 18. h4 Rg8 19. h5 Nf4 20. Bxf4 exf4 21.
Qxf4 h6 22. Rde1 $14 {[%csl Ge4,Gf2][%cal Ge4e5,Gf2f4,Ye2d1,Yd1c2,Yf4h4]})
17... Ng6 18. Rdg1 {קg7} h6 19. Be3 Rg8 20. Qd2 Rae8 {During the last moves,
both players regrouped their forces.} 21. h4 {[%cal Cg6h4]} Nf4 {With the help
of some tactics, Vassily Ivanchuk neutralized White's initiative.} ({Loses
immediately:} 21... Nxh4 $2 22. Bxh6 Ng6 (22... gxh6 $143 23. Qxh6+ Nh7 24. Rg7
{with mate in 2 moves.}) 23. Rh1 Nh7 24. Bg5 $18) 22. Bxf4 (22. Bf3 N6h5 23.
Bxh5 Nxh5 24. R3g2 Qf6 $11) 22... Nxe4 $1 {An important intermediate move.} (
22... exf4 $143 23. Qxf4 $14 Nxe4 $140 $2 24. Re3 f5 25. f3 Nxc3 26. Rxe7 Nxe2+
27. Rxe2 Rxe2 28. Qxf5 $16) 23. Nxe4 exf4 24. Rg4 $1 (24. Qxf4 $2 Qxe4 {
[%csl Re2,Rf4]} 25. Qxe4 Rxe4 26. Re3 Rge8 27. Rxe4 Rxe4 $17) 24... Qxe4 25.
Bd3 Qe5 26. Rxf4 Re7 (26... Qe7 $143 27. Bc2 $40 {[%csl Yc2,Yd2,Rh8][%cal
Yd2d3]}) 27. Rf5 Qd4 $8 ({This leads to immediate disaster:} 27... Qh2 $2 28.
Rg4 {/\Rh5, Rxh6 (עg8)} Qh1+ (28... g5 $143 29. Rf6 Kg7 30. Rxh6 $1 Kf8 (30...
Kxh6 $2 31. Rxg5 {[%csl Gd2,Rh6]}) 31. Rxg5 $18) (28... Re5 29. Rxf7 Rh5 30.
Qe3 Qe5 31. Qxe5 Rxe5 32. Rxc7 Bc8 33. Rf4 $18) 29. Kc2 Qe1 30. Qxe1 Rxe1 31.
Rxf7 $18) 28. Rf4 ({White could to play:} 28. Rh5 $5 Qf6 $140 29. Qg5 $1 Qxg5+
30. hxg5 Rge8 (30... c6 $5) 31. Kd2 {with little advantage. Maybe Ivan Sokolov
thought that this advantage isn't enough in order to win against such a player
like Ivanchuk. Therefore, he chose to finish the game by a repetition of the
moves.}) 28... Qe5 29. Rf5 Qd4 30. Rf4 Qe5 31. Rf5 1/2-1/2

[Event "Samba Cup 2nd"]
[Site "Skanderborg"]
[Date "2005.10.14"]
[Round "1"]
[White "Miton, Kamil"]
[Black "Ivanchuk, Vassily"]
[Result "1/2-1/2"]
[WhiteElo "2636"]
[BlackElo "2748"]
[Annotator "Marin,M"]
[PlyCount "44"]
[EventDate "2005.10.14"]
[EventType "tourn"]
[EventRounds "9"]
[EventCountry "DEN"]
[EventCategory "16"]
[SourceTitle "CBM 110"]
[Source "ChessBase"]
[SourceDate "2006.01.31"]
[SourceVersion "1"]
[SourceVersionDate "2006.01.31"]
[SourceQuality "1"]

1. d4 Nf6 2. c4 e6 3. Nf3 c5 4. d5 d6 5. Nc3 exd5 6. cxd5 g6 7. e4 Bg7 {
The move order chosen by both opponents is slightly curious.} (7... a6 8. h3 (
8. a4 Bg4) 8... b5 {is a more common way to reach the game position.}) 8. h3 a6
9. Bd3 ({We can only wonder about what Ivanchuk had in mind against} 9. a4 {
which is considered to restrict Black's counterplay. Even though Black has no
easy equality after playing ...b5, some additional space doesn't hurt him, of
course.}) 9... O-O 10. O-O Nbd7 11. Re1 b5 {Finally, we are on a normal track
now. There are plenty of move orders starting with this point and an
exhaustive study of the position is virtually impossible. I have tried to
catch all the games that are relevant in any way from the point of view of
Ivanchuk's slightly unusual plan.} 12. a3 c4 {During the one and half decades
that have passed since the moment the system based on h3, Bd3 and Nf3 became
fashionable against the Benoni, practice has generally proven that Black is
best adviced to refrain from giving up the control of the d4-square, even if
this means getting an optically excellent outpost for his knight on c5.} ({
Usually, it is White who aims to provoke the advance of the c-pawn with, for
instance,} 12... Bb7 13. Bf4 Qb6 14. Qd2 {followed by b4}) 13. Bc2 Nc5 {
This is a more significant deviation from the usual paths already. Generally,
Black keeps his knight on d7 at least until his development is complete, in
order not to worry about a possible break in the centre with e5.} 14. Bf4 Bb7
15. Qd2 Qb6 {Judging from the queen side configuration, we might think that
Black should not avoid the exchange of the dark squared bishops. Wouldn't this
exchange just increase the stability of his c5-knight? However, after the
dissapearance of the g7-bishop, White's pieces (for instance the queen) will
also feel more comfortably on d4. Besides, in the middlegame Black will be
under permanent danger of a direct mating attack.} ({Therefore,} 15... Re8 16.
Bh6 Bh8 {seriously comes into consideration.}) 16. Bh6 Rfe8 17. Bxg7 Kxg7 18.
Qd4 {This move is probably premature, as we shall soon see.} ({Although not
such a bad move in itself, the instalation of the other white piece on d4 with
} 18. Nd4 {was the start of an over-optimistic plan in the following game:} h6
{(A unnecessary weakening move.)} (18... Nfd7 {looks safer}) 19. Rad1 Re7 20.
Re3 Rae8 21. Rg3 Kh7 22. e5 $2 {White's position looked quite promissing, but
this move is not justified.} Rxe5 23. Qf4 Qd8 24. Nf5 gxf5 (24... Ng8 $5) 25.
Bxf5+ Rxf5 26. Qxf5+ Kh8 {and Black managed to defend, 0-1 Szmetan,R (2282)-De
Silva,N (2236)/Bled 2002/EXT 2003 (51)}) ({The strongest continuation is
probably} 18. Rad1 {, completing the mobilisation of forces and leaving for
later the choice of concrete plans. Now, the natural} Nfd7 {would lead by a
huge transposition to a position that has been played from once in a while.} ({
Possibly, Ivanchuk had in mind} 18... Re7 $5 {maintaining the knight on f6 for
the time being.}) 19. Re3 (19. Qd4+ f6 20. Nh2 {This move leaves Black free
hands of action on the queen side.} ({Therefore,} 20. Nd2 {as in 1-0 Browne,W 
(2535)-De Firmian,N (2565)/USA 1994/CBM 044/[Hansen,Cu] (47) might be a better
way to clear the way for the f-pawn and now Black's best might again be} Re7 {
as suggested by Curt Hansen.}) 20... Re7 21. f4 a5 22. Ng4 Rae8 23. Nf2 Ba6 24.
Re3 Nb7 25. Ne2 Kg8 26. b4 cxb3 27. Rxb3 Nbc5 28. Rbb1 b4 $132 {0-1 Egorov,E 
(2403)-Kotsur,P (2581)/Tula 2001/EXT 2002 (46)}) 19... Ne5 20. Ne1 $14 {
[%csl Gd5,Ge4,Rf6,Rg7,Rh6] 1/2-1/2 Ibragimov,I (2580)-Vaulin,A (2490)/Kazan
1995/CBM 051/[Stohl] (62) [+],׻}) 18... Ncd7 $1 {Exchanging queens brings in
some relief for Black's position.} 19. Qxb6 Nxb6 20. Nd4 Nfd7 21. Re3 Nc5 22.
Rae1 Re7 {Black has regrouped in a quite aesthetical way. He now intends to
double rooks on the e-file in order to increase the pressure against the
e4-pawn. However, his position is less good than it might look at a first
glance. There is no easy way to make progress on the queen side, especially
because of the passive position of the bishop. Unfortunately, there is not
easy to transfer the bishop to d7 because ...Bc6 could always be met by Nc6.
On the other hand, Black's position is quite solid and hard to break. The
thematical advance of the e-pawn is not easy to carry out especially because
of the pressure against the d5-pawn (to which the bishop largely contributes).
And yet, it is only White who could hope for an advantage, Black's position
remaining rather defensive. Therefore, the decision of agreeing to a draw
might have had something in common with the respect for the opponent.} 1/2-1/2

[Event "Samba Cup 2nd"]
[Site "Skanderborg"]
[Date "2005.10.22"]
[Round "8"]
[White "Timofeev, Artyom"]
[Black "Ivanchuk, Vassily"]
[Result "1/2-1/2"]
[WhiteElo "2658"]
[BlackElo "2748"]
[Annotator "Finkel,A"]
[PlyCount "139"]
[EventDate "2005.10.14"]
[EventType "tourn"]
[EventRounds "9"]
[EventCountry "DEN"]
[EventCategory "16"]
[SourceTitle "CBM 110"]
[Source "ChessBase"]
[SourceDate "2006.01.31"]
[SourceVersion "1"]
[SourceVersionDate "2006.01.31"]
[SourceQuality "1"]

1. e4 e6 2. d4 d5 3. Nc3 Bb4 4. Nge2 dxe4 5. a3 Be7 6. Nxe4 Nf6 7. N2g3 O-O 8.
c3 Nxe4 (8... Nbd7 9. Bd3 c5 (9... e5 10. Nxf6+ Bxf6 11. d5 Nc5 12. Bc2 b6 13.
O-O Ba6 14. Re1 g6 15. Bh6 Re8 16. b4 Nb7 17. Ba4 $14 {Rogers,I-Zhang Zhong/
Wijk aan Zee 2003}) 10. Nxf6+ Nxf6 11. dxc5 Qd5 12. O-O Rd8 13. Bc2 Qxc5 14.
Qe2 Bd7 $11 {Berg,E-Brynell,S/Gothenburg 2004}) 9. Nxe4 Qd5 10. Qf3 b6 (10...
f5 11. Ng5 c5 12. Qxd5 exd5 13. g3 cxd4 14. cxd4 Nc6 $11 {Boersma,J-Bloemhard,
R/Dieren 2005}) 11. Bf4 Bb7 12. Bd3 c5 $5 (12... f5 $5 13. Nd2 Qxf3 14. Nxf3
Bxf3 15. gxf3 Bd6 $13) 13. Qg3 Nd7 14. Bh6 g6 15. Bxf8 Rxf8 16. dxc5 f5 17. Nd2
(17. Rd1 $6 fxe4 18. Bb5 Qh5 19. Bxd7 Bh4 20. Bxe6+ Kh8 21. Qg4 Bxf2+ 22. Kd2
e3+ 23. Kc2 Qxg4 24. Bxg4 Bxg2 $15) 17... f4 18. Qf3 (18. Qh3 Nxc5 19. Bc4 Qxg2
20. Qxg2 Bxg2 21. Rg1 Bc6 22. b4 $14) 18... Qe5+ 19. Qe2 Bxg2 20. Rg1 Nxc5 21.
Bc4 (21. Qxe5 $6 Nxd3+ 22. Kd1 Nxe5 23. Rxg2 f3 24. Rg1 Bh4 25. Ne4 Nd3 $15)
21... Qxe2+ 22. Bxe2 Bc6 $13 23. O-O-O f3 24. Bc4 b5 25. Ba2 Bh4 26. Kc2 Bxf2 (
26... Kg7 $6 27. b4 Ne4 (27... Bxf2 28. bxc5 Bxg1 29. Rxg1 f2 30. Rc1 $14) 28.
Rg4 Nxf2 29. Rxh4 Nxd1 30. Kxd1 e5 31. Ke1 $14) 27. Rgf1 Bh4 28. b4 Na4 29.
Bxe6+ Kg7 30. c4 f2 $1 (30... bxc4 31. Nxc4 Nb6 $15) 31. Bd5 Bxd5 32. cxd5 Rc8+
33. Kb3 Rc3+ 34. Ka2 Re3 (34... Rh3 35. Nb1 Rxh2 36. d6 g5 37. d7 g4 38. d8=Q
Bxd8 39. Rxd8 h5 $17) 35. Nb1 Re2+ 36. Rd2 Nc3+ 37. Kb3 Rxd2 38. Nxd2 Nxd5 39.
Rb1 Ne3 $2 (39... Kf6 40. Kc2 Kf5 41. Kd3 Kg4 $19 {[%cal Gg4h3,Gh3g2]}) 40. Kc3
h5 $6 41. Kd3 Bg5 42. Ke2 $14 a6 43. Rb3 f1=Q+ 44. Nxf1 Nc4 45. Ng3 Bc1 46. Ne4
(46. a4 bxa4 47. Rc3 Bb2 48. Rxc4 a3 49. Rc6 a2 50. Rxa6 a1=Q 51. Rxa1 Bxa1 $11
) 46... Bxa3 47. Nd2 Bc1 48. Nxc4 bxc4 49. Rc3 Bf4 50. h3 Bd6 51. Rxc4 Kf6 52.
Kd3 g5 53. Ke4 (53. Kc3 Ke5 $1 (53... Kf5 $2 54. Rc6 Be7 (54... Be5+ 55. Kd3 g4
56. hxg4+ hxg4 57. Rxa6 Kf4 58. Ke2 $18) 55. Rxa6 g4 56. hxg4+ hxg4 57. Ra7 Bd6
58. b5 g3 59. Kd3 $18) 54. Rc6 g4 55. hxg4 hxg4 56. Rxa6 g3 $11) 53... Ke6 54.
Rc6 Kd7 55. Rxa6 Bxb4 56. Rh6 h4 $11 57. Kd5 Bd2 58. Rh7+ Kd8 59. Kd6 Bf4+ 60.
Ke6 Kc8 61. Rd7 Bg3 62. Rd5 Bf4 63. Rc5+ Kd8 64. Rc4 Bh2 65. Rc3 Bg3 66. Rc2
Bf4 67. Rc5 Be3 68. Rd5+ Kc7 69. Rd7+ Kc6 70. Rd3 1/2-1/2

[Event "Corus"]
[Site "Wijk aan Zee"]
[Date "2006.01.22"]
[Round "8"]
[White "Van Wely, Loek"]
[Black "Ivanchuk, Vassily"]
[Result "1/2-1/2"]
[WhiteElo "2647"]
[BlackElo "2729"]
[Annotator "Gofshtein,L"]
[PlyCount "92"]
[EventDate "2006.01.14"]
[EventType "tourn"]
[EventRounds "13"]
[EventCountry "NED"]
[EventCategory "19"]
[SourceTitle "CBM 111"]
[Source "ChessBase"]
[SourceDate "2006.04.04"]
[SourceVersion "1"]
[SourceVersionDate "2006.04.04"]
[SourceQuality "1"]

1. d4 Nf6 2. c4 e6 3. Nc3 Bb4 4. Qc2 d5 5. cxd5 Qxd5 6. Nf3 Qf5 7. Qxf5 {
This move is considered not to be dangerous for black, though Van Wely plays
it constantly and not without success. In the endgame, white has a small plus,
but it's hard to convert it to a win} (7. Qb3) 7... exf5 8. a3 {White's main
alternative is 8.Bd2, where he also has a small plus} (8. Bd2 c6 9. Ne5 (9. e3
Be6 10. Ng5 Nbd7 11. Nxe6 fxe6 12. Bc4 Ke7 13. a3 Bd6 14. f3 e5 $11 {1-0
Beliavsky,A-Bartel,M/Portoroz 2005/CBM 108_01/(26)}) 9... Nbd7 10. Nd3 Be7 11.
Bg5 Nb6 12. e3 a5 13. Be2 O-O 14. O-O Rd8 15. Rfc1 Kf8 16. Rc2 Nfd5 17. Bxe7+
Kxe7 18. a3 {with a slight advantage for white 1/2-1/2 Najer,E-Lastin,A/Moscow
2005/CBM 106 (82)}) 8... Be7 {Retreating to d6 is also possible, black
shouldn't fear 9.Nb5} (8... Bd6 9. Bg5 (9. g3 Be6 10. Bg2 c6 11. Bf4 Bxf4 12.
gxf4 Nbd7 13. O-O Ke7 14. e3 a5 15. Rfd1 a4 16. Ne1 Bb3 17. Rd2 Rhe8 18. Nd3
Kf8 19. Ne5 Red8 20. Ne2 Ne4 21. Bxe4 {1/2-1/2 Van Wely,L-Anand,V/Wijk aan Zee
2004/CBM 099 (21)}) (9. Nb5 {this is not the kind of position where the bishop
pair is important} Be6 10. Bd2 a6 11. Nxd6+ cxd6 12. e3 Nc6 {black is close to
equalise 1/2-1/2 Pedersen,N-Huzman,A/Bled 2002/EXT 2003 (12)}) 9... Ne4 10.
Nxe4 fxe4 11. Nd2 f5 12. e3 Nc6 13. Nc4 Be6 14. Bh4 Bd5 {and Black had no
problems to equalise 1/2-1/2 Van Wely,L-Bocharov,D/Moscow 2005/CBM 106 (48)})
9. Bg5 Be6 10. e3 {White has a small plus, because his pawn structure is a
little better, and he has a slight space advantage} c6 11. Bd3 Nbd7 {Black
develops his pieces} 12. b4 {White plays this move, before Black had played
a7-a5, Kasparov couldn't achieve anything against Kramnik after 12.0-0.} (12.
O-O h6 13. Bh4 a5 14. Rac1 O-O 15. Ne2 g5 16. Bg3 Ne4 $11 {Kasparov,G-Kramnik,
V/Linares,1999 (1/2-1/2)(20)}) 12... h6 13. Bh4 g6 {Black is planning to
exchange the knights and the dark-squared bishops with ...Nd5, that's why he
defends the pawn on f5, so he can recapture on d5 with the bishop.} 14. Ke2 Nd5
(14... g5 $6 15. Bg3 {[%csl Rf5] would only weaken Black's pawn chain.}) 15.
Nxd5 Bxd5 16. Bxe7 (16. Bg3 {White could keep the bishops but it's not clear
what he achives by it.} a6 17. Rhc1 O-O {and so on}) 16... Kxe7 17. Rhc1 Rhc8
18. g3 {[%cal Gf3d2,Gf2f3,Ge3e4] White wants to free the knight, so it could
move from f3 without losing a pawn on g2, and then to push his central pawns.}
a5 {White's usual response on this move, b4-b5 doesn't lead to advantage.} 19.
Nd2 (19. b5 c5 {Black is fully ready for the opening of the centre.} 20. dxc5
Nxc5 21. Nd4 a4 {[%cal Gc5b3] and black is fine}) 19... b5 $1 {Black takes
control of the c4 square, and prevents from White any future b4-b5.} 20. Bc2 $6
(20. f3 {[%cal Ge3e4] was definetely the right way to continue.} Nb6 (20...
axb4 21. axb4 Ra4 {this is what 20.Bc2 is aimed against, probably} 22. e4 fxe4
23. fxe4 Be6 24. Rxa4 bxa4 25. d5 Bg4+ 26. Ke3 {with initiative for White.})
21. e4 fxe4 22. fxe4 Be6 {when the position is about equal}) 20... Nb6 21. Nb3
$6 {now White loses a pawn.} (21. f3 {was still correct, with mutual chances})
21... Bc4+ 22. Kd2 axb4 23. axb4 Nd5 {it is impossible to defend the pawn on
b4, fortunately White is still not losing, as he gets some compensation for
the pawn, and good drawing chances.} 24. Na5 {[%cal Ga5c4] doubling up the
black pawns, and getting rid of the opponent's bishop} Nxb4 25. Nxc4 bxc4 26.
Rcb1 (26. Ba4 $5 {White could force a rook ending, with three pawns against
four, when he has good chances to draw.} Nd3 27. Rxc4 Nxf2 28. Rac1 c5 29. dxc5
Ne4+ 30. Ke2 Rxc5 31. Rxc5 Nxc5 32. Rxc5 Rxa4 33. Kf3 {with good chances for a
draw in the endgame}) 26... Rxa1 27. Rxa1 c5 {otherwise White brings the king
to c3 and equalises.} 28. dxc5 c3+ {Ivanchuk decides that the position after
28...Rxc5 29.Kc3 is drawish and decides to go for a rook ending with equal
material, and with a more active rook, which apparently it isn't enough for a
win.} (28... Rxc5 29. Kc3 Nxc2 (29... Nd5+ $2 30. Kd4) (29... Nc6 {and it is
not clear what Black wants to do next}) 30. Kxc2 Ke6 31. Kc3 Ke5 32. f3 g5 33.
Ra7 f6 (33... Kf6 34. Ra6+ Kg7 35. Ra4 $11) 34. Re7+ Kd6 35. Rh7 {drawing}) 29.
Kxc3 Rxc5+ 30. Kxb4 Rxc2 31. Rf1 {Although White's rook is passive, Black
doesn't have enough resources to win, the rest is obvious.} Ke6 32. Kb3 Re2 33.
Kc3 Ke5 34. Kd3 Ra2 35. h3 h5 36. f3 Rb2 (36... Rg2 37. g4 {[%cal Gf1f7]} fxg4
38. fxg4 f5 39. gxf5 gxf5 40. Ra1 Rh2 41. Ra5+ Kf6 42. e4 Rxh3+ 43. Kd4 $11 {
draw}) 37. Rg1 {preparing g3-g4 with more exchanges} Rh2 38. f4+ Kf6 39. g4 h4
{Black even won a pawn, but it doesn't change the outcome of the game.} 40. Ra1
Rxh3 41. Ra6+ Kg7 42. gxf5 gxf5 43. Ke2 {The king is getting closer to the
pawn.} Rg3 44. Kf2 Rg4 45. Ra5 Kg6 46. Ra8 Kg7 {Black can't make any progress,
the result is a draw.} 1/2-1/2